New south asian feminisms (Record no. 529873)

MARC details
000 -LEADER
fixed length control field 01089nam a2200217Ia 4500
008 - FIXED-LENGTH DATA ELEMENTS--GENERAL INFORMATION
fixed length control field 240822s9999 xx 000 0 und d
020 ## - INTERNATIONAL STANDARD BOOK NUMBER
ISBN 9789350024751
Paper back/Hardbound pbk
041 ## - LANGUAGE CODE
Language code of text/sound track or separate title eng
082 ## - DEWEY DECIMAL CLASSIFICATION NUMBER
Classification number 305.4
Item number ROY
100 ## - MAIN ENTRY--AUTHOR NAME
Personal name Roy, Srila
245 #0 - TITLE STATEMENT
Title New south asian feminisms
Sub Title paradoxes and possibilities
Statement of responsibility, etc / Roy, S
250 ## - EDITION STATEMENT
Edition statement 1st ed.
260 ## - PUBLICATION, DISTRIBUTION, ETC. (IMPRINT)
Name of publisher Aakar Books
Year of publication c2012
Place of publication Delhi
300 ## - PHYSICAL DESCRIPTION
Number of Pages x, 198 p.
Dimensions 21 cm.
500 ## - GENERAL NOTE
General note Reprint, 2020
504 ## - BIBLIOGRAPHY, ETC. NOTE
Bibliography, etc Includes index
520 ## - SUMMARY, ETC.
Summary, etc South Asian feminism is in crisis. Under constant attack from right-wing nationalism and religious fundamentalism and co-opted by ‘NGO-ization’ and neoliberal state agendas, once autonomous and radical forms of feminist mobilization have been ideologically fragmented and replaced. It is time to rethink the feminist political agenda for the predicaments of the present. This timely volume provides an original and unprecedented exploration of the current state of South Asian feminist politics.
650 ## - SUBJECT ADDED ENTRY--TOPICAL TERM
Topical Term South Asia; Feminism & feminist theory; Women Social conditions
942 ## - ADDED ENTRY ELEMENTS (KOHA)
Koha item type English Books
Holdings
Withdrawn status Lost status Damaged status Not for loan Home library Current library Shelving location Date acquired Cost, normal purchase price Full call number Accession Number Price effective from Koha item type Copy number
        Anna Centenary Library Anna Centenary Library 3RD FLOOR, B WING 17.04.2024 495.00 305.4 ROY 673571 17.04.2024 English Books  
        Anna Centenary Library Anna Centenary Library 3RD FLOOR, B WING 17.04.2024 495.00 305.4 ROY;1 673572 17.04.2024 English Books 1

Find us on the map